[Event "Kiel op 31st"]
[Site "Kiel"]
[Date "2018.08.01"]
[Round "7"]
[White "Papesch, Dennis"]
[Black "Berenstein, Alexander"]
[Result "1/2-1/2"]
[WhiteElo "1850"]
[BlackElo "1975"]
[PlyCount "115"]
[EventDate "2018.07.28"]
[EventType "swiss"]
[EventRounds "9"]
[EventCountry "GER"]
[SourceTitle "CBM 185 Extra"]
[Source "ChessBase"]
[SourceDate "2018.07.29"]
[SourceVersion "1"]
[SourceVersionDate "2018.07.29"]
[SourceQuality "1"]

1. c4 g6 2. g3 Bg7 3. Bg2 e6 4. Nc3 Ne7 5. Nf3 d5 6. d4 dxc4 7. Qa4+ Bd7 8. Qxc4 Bc6 9. 0-0 Nd7 10. e4 a6 11. Rd1 b5 12. Qe2 Bb7 13. Bg5 h6 14. Bf4 g5 15. Bc1 0-0 16. d5 e5 17. d6 cxd6 18. Rxd6 Qc7 19. Rd1 Nb6 20. Be3 b4 21. Bxb6 Qxb6 22. Nd5 Nxd5 23. exd5 Qd6 24. Rac1 f5 25. Nd2 a5 26. Nc4 Qf6 27. d6 e4 28. Nb6 Ba6 29. Qe3 Rad8 30. Qc5 Bd3 31. Qxa5 Rxd6 32. Nc4 Bxc4 33. Rxd6 Qxd6 34. Rxc4 Bxb2 35. Qxb4 Qxb4 36. Rxb4 Ba3 37. Rb5 Kg7 38. g4 fxg4 39. Bxe4 Rf4 40. Bb7 Bb4 41. Kg2 Be1 42. f3 gxf3+ 43. Bxf3 g4 44. Bd5 h5 45. Rb1 Bh4 46. Rf1 Rd4 47. Bb3 Rd2+ 48. Kh1 Rb2 49. Rc1 Bf6 50. Rc2 Rb1+ 51. Kg2 Kh6 52. h3 gxh3+ 53. Kxh3 h4 54. Re2 Kg5 55. Rg2+ Kf4 56. Rf2+ Ke5 57. Rf5+ Kxf5 58. Bc2+ 1/2-1/2

[Event "Schleswig Holstein-ch Seniors op 10th"]
[Site "Buesum"]
[Date "2016.10.04"]
[Round "9"]
[White "Gehrmann, Rudolf Rainer"]
[Black "Berenstein, Alexander"]
[Result "1-0"]
[WhiteElo "2123"]
[BlackElo "2013"]
[PlyCount "67"]
[EventDate "2016.09.26"]
[EventType "swiss"]
[EventRounds "9"]
[EventCountry "GER"]
[SourceTitle "EXT 2019"]
[Source "ChessBase"]
[SourceDate "2018.10.10"]
[SourceVersion "1"]
[SourceVersionDate "2018.10.10"]
[SourceQuality "1"]

1. c4 g6 2. Nf3 Bg7 3. g3 c5 4. Bg2 Nc6 5. 0-0 Nf6 6. d4 cxd4 7. Nxd4 0-0 8. Nc3 a6 9. Nf3 d6 10. Bg5 Be6 11. Nd5 Ne4 12. Be3 Nc5 13. Nd4 Bd7 14. Rc1 e5 15. Nb3 b6 16. Nxb6 Nxb3 17. axb3 Qc7 18. Nxa8 Rxa8 19. Ra1 f5 20. Qd5+ Kh8 21. Rfd1 Bf8 22. c5 Qc8 23. cxd6 Qe8 24. Qc4 a5 25. Bb6 Rb8 26. Bxa5 Nd4 27. Rxd4 exd4 28. Qxd4+ Bg7 29. Qd2 Qe6 30. Bc3 Qxb3 31. Bxg7+ Kxg7 32. Ra7 Qb5 33. Qd4+ Kh6 34. Qh4+ 1-0

[Event "Schleswig Holstein-ch Seniors op 9th"]
[Site "Buesum"]
[Date "2015.10.07"]
[Round "9"]
[White "Berenstein, Alexander"]
[Black "Bars, Joachim"]
[Result "1/2-1/2"]
[WhiteElo "2030"]
[BlackElo "1945"]
[PlyCount "85"]
[EventDate "2015.09.28"]
[EventType "swiss"]
[EventRounds "9"]
[EventCountry "GER"]
[SourceTitle "EXT 2018"]
[Source "ChessBase"]
[SourceDate "2017.10.13"]
[SourceVersion "1"]
[SourceVersionDate "2017.10.13"]
[SourceQuality "1"]

1. d4 Nf6 2. c4 e6 3. Nf3 Bb4+ 4. Bd2 Be7 5. Nc3 d5 6. e3 0-0 7. c5 c6 8. b4 Nbd7 9. Bd3 Qc7 10. 0-0 e5 11. dxe5 Nxe5 12. Nxe5 Qxe5 13. h3 Bf5 14. Qc2 Bxd3 15. Qxd3 Rad8 16. f4 Qe6 17. Ne2 Ne4 18. Nd4 Qd7 19. Be1 Bf6 20. Rb1 Bxd4 21. exd4 f5 22. a4 a6 23. b5 axb5 24. axb5 Rb8 25. Ba5 Qe7 26. Rb3 Ra8 27. Bb6 Ra2 28. Qe3 Qf6 29. Kh2 Nd2 30. Rf2 Nxb3 31. Rxa2 Nxd4 32. bxc6 Nxc6 33. Bc7 d4 34. Qe2 Qf7 35. Bd6 Re8 36. Qd2 Qd5 37. Rb2 d3 38. Qd1 Nd8 39. Rd2 Re3 40. Qa4 Qe6 41. Qa8 Qd7 42. Qa2+ Qe6 43. Qa8 1/2-1/2

[Event "Kiel op 28th"]
[Site "Kiel"]
[Date "2015.07.28"]
[Round "6"]
[White "Berenstein, Alexander"]
[Black "Werner, Rene"]
[Result "0-1"]
[WhiteElo "2030"]
[BlackElo "1885"]
[PlyCount "94"]
[EventDate "2015.07.25"]
[EventType "swiss"]
[EventRounds "9"]
[EventCountry "GER"]
[SourceTitle "CBM 167 Extra"]
[Source "ChessBase"]
[SourceDate "2015.09.14"]
[SourceVersion "1"]
[SourceVersionDate "2015.09.14"]
[SourceQuality "1"]

1. d4 d5 2. c4 e6 3. Nf3 Nf6 4. Nc3 Be7 5. Bf4 c6 6. e3 0-0 7. a3 a5 8. Qc2 Nbd7 9. Bd3 b6 10. h3 Ba6 11. b3 Rc8 12. g4 g6 13. Qe2 c5 14. cxd5 Bxd3 15. Qxd3 Nxd5 16. Bh6 Re8 17. Ne2 cxd4 18. exd4 Bf6 19. Rd1 Qe7 20. Bc1 e5 21. dxe5 Nxe5 22. Nxe5 Qxe5 23. Kf1 Red8 24. Kg2 Nc3 25. f4 Qxe2+ 26. Qxe2 Nxe2 27. Be3 Bd4 28. Bxd4 Rxd4 29. Kf3 Rxd1 30. Rxd1 Nc1 31. b4 Rc3+ 32. Ke4 Rxh3 33. bxa5 bxa5 34. Rxc1 Rxa3 35. g5 a4 36. Ke5 Kg7 37. Kd4 h5 38. gxh6+ Kxh6 39. Rh1+ Kg7 40. Rc1 Ra2 41. Ke3 a3 42. Rc4 Ra1 43. Ra4 a2 44. Ke2 Kf6 45. Kd2 Kf5 46. Kc2 Rf1 47. Kb2 a1Q+ 0-1

[Event "Schleswig Holstein-ch Seniors"]
[Site "Hanerau"]
[Date "2015.04.03"]
[Round "9"]
[White "Dittmann, Hans Adolf"]
[Black "Berenstein, Alexander"]
[Result "0-1"]
[WhiteElo "2141"]
[BlackElo "2019"]
[PlyCount "80"]
[EventDate "2015.03.28"]
[EventType "swiss"]
[EventRounds "9"]
[EventCountry "GER"]
[SourceTitle "EXT 2018"]
[Source "ChessBase"]
[SourceDate "2017.10.13"]
[SourceVersion "1"]
[SourceVersionDate "2017.10.13"]
[SourceQuality "1"]

1. c4 c5 2. Nc3 Nc6 3. g3 g6 4. Bg2 Bg7 5. d3 e6 6. e4 d6 7. Nge2 Nge7 8. 0-0 0-0 9. Be3 Ne5 10. h3 Qa5 11. f4 N5c6 12. Kh1 a6 13. g4 Rb8 14. a4 Nd4 15. Ng3 f5 16. Nce2 Nec6 17. Bd2 Qd8 18. Bc3 fxg4 19. Ng1 gxh3 20. Bxh3 Qh4 21. Kg2 Rxf4 22. Rxf4 Qxf4 23. Bd2 Qh4 24. Nf3 Nxf3 25. Qxf3 Nd4 26. Qf2 Bd7 27. Rh1 Qe7 28. Qf4 Bxa4 29. Qg4 Rf8 30. Bg5 Qe8 31. Qh4 h5 32. Bg4 hxg4 33. Qh7+ Kf7 34. Bh6 Rg8 35. Rf1+ Nf3 36. Bxg7 Rxg7 37. Qh4 Kg8 38. Qxg4 Ne5 39. Qh4 Qe7 40. Qh3 Rh7 0-1

[Event "Schleswig Holstein-ch Seniors"]
[Site "Hanerau"]
[Date "2015.04.02"]
[Round "8"]
[White "Jessen, Hilke"]
[Black "Berenstein, Alexander"]
[Result "0-1"]
[WhiteElo "1946"]
[BlackElo "2019"]
[PlyCount "112"]
[EventDate "2015.03.28"]
[EventType "swiss"]
[EventRounds "9"]
[EventCountry "GER"]
[SourceTitle "EXT 2018"]
[Source "ChessBase"]
[SourceDate "2017.10.13"]
[SourceVersion "1"]
[SourceVersionDate "2017.10.13"]
[SourceQuality "1"]

1. e4 e5 2. Nf3 Nc6 3. Bc4 Bc5 4. c3 Qe7 5. 0-0 d6 6. h3 h6 7. d3 Qf6 8. Qe2 Nge7 9. Bb3 g5 10. Nh2 a6 11. Be3 Ng6 12. Bxc5 dxc5 13. Bd1 Nf4 14. Qf3 h5 15. Nd2 g4 16. hxg4 hxg4 17. Qg3 Qh6 18. Re1 Nxd3 19. Re3 Nf4 20. Ndf1 Be6 21. b3 0-0-0 22. f3 gxf3 23. Bxf3 Rdg8 24. Qe1 Qg5 25. Qd2 Rg7 26. Rb1 f6 27. Rb2 Rd8 28. Qc2 Rdg8 29. Re1 Qh4 30. Rd1 Bh3 31. Rd2 Be6 32. Qd1 Qg5 33. Qc2 Ne7 34. Kh1 Neg6 35. Ne3 Rh7 36. Qd1 Rgh8 37. Nef1 Nh4 38. g3 Nxf3 39. Qxf3 Nh5 40. Kg1 Bh3 41. Qd3 Rg8 42. Kf2 Rd7 43. Qe3 Qxe3+ 44. Kxe3 Nxg3 45. Nxg3 Rxg3+ 46. Nf3 Rxd2 47. Rxd2 Bg4 48. Rf2 Rxf3+ 49. Rxf3 Bxf3 50. Kxf3 Kd7 51. Kg4 Ke6 52. a3 b6 53. a4 b5 54. a5 b4 55. c4 c6 56. Kf3 f5 0-1

[Event "Schleswig Holstein-ch Seniors"]
[Site "Hanerau"]
[Date "2015.04.01"]
[Round "4"]
[White "Magdorf, Peter"]
[Black "Berenstein, Alexander"]
[Result "0-1"]
[WhiteElo "2032"]
[BlackElo "2019"]
[PlyCount "122"]
[EventDate "2015.03.28"]
[EventType "swiss"]
[EventRounds "9"]
[EventCountry "GER"]
[SourceTitle "EXT 2018"]
[Source "ChessBase"]
[SourceDate "2017.10.13"]
[SourceVersion "1"]
[SourceVersionDate "2017.10.13"]
[SourceQuality "1"]

1. e4 e5 2. f4 Bc5 3. Nf3 d6 4. c3 Bb6 5. d4 exd4 6. cxd4 Bg4 7. Be2 Ne7 8. Be3 d5 9. h3 Bxf3 10. Bxf3 dxe4 11. Bxe4 Nbc6 12. Nc3 Nxd4 13. Qa4+ Ndc6 14. Rd1 Qc8 15. Bxb6 axb6 16. Qc2 f5 17. Bf3 0-0 18. 0-0 Kh8 19. Rfe1 Ng6 20. g3 Nge7 21. Rd2 Rd8 22. Red1 Rxd2 23. Qxd2 Qe6 24. Re1 Qg6 25. Kg2 Rd8 26. Qe3 h6 27. Re2 Qf7 28. Rd2 Rxd2+ 29. Qxd2 Kh7 30. a3 Qb3 31. Nd5 Nxd5 32. Bxd5 Qb5 33. b4 Ne7 34. Bf3 Qe8 35. Qc2 c6 36. g4 g6 37. Qc4 Nc8 38. Qd4 Qe7 39. Kf2 fxg4 40. hxg4 c5 41. Qd5 Nd6 42. bxc5 bxc5 43. Qe5 Qxe5 44. fxe5 Nc4 45. e6 Kg7 46. e7 Nd6 47. Bxb7 Kf7 48. Bd5+ Kxe7 49. a4 Kd7 50. Bf3 Kc7 51. Bd1 Kb6 52. Bc2 g5 53. Ke3 Ka5 54. Kd3 Kb4 55. Bd1 c4+ 56. Kd4 Nb7 57. Ke5 Nc5 58. Kf5 Nxa4 59. Kg6 Nb2 60. Bc2 Kc3 61. Bf5 Nd3 0-1

[Event "Schleswig Holstein-ch Seniors op"]
[Site "Buesum"]
[Date "2014.09.30"]
[Round "6"]
[White "Selig, Rainer"]
[Black "Berenstein, Alexander"]
[Result "1-0"]
[WhiteElo "2102"]
[BlackElo "2029"]
[PlyCount "173"]
[EventDate "2014.09.25"]
[EventType "swiss"]
[EventRounds "9"]
[EventCountry "GER"]
[SourceTitle "EXT 2018"]
[Source "ChessBase"]
[SourceDate "2017.10.13"]
[SourceVersion "1"]
[SourceVersionDate "2017.10.13"]
[SourceQuality "1"]

1. d4 Nf6 2. Nf3 g6 3. c4 c5 4. d5 Bg7 5. Nc3 0-0 6. e3 e6 7. Be2 exd5 8. cxd5 d6 9. Nd2 Re8 10. 0-0 Nbd7 11. a4 a5 12. h3 Re7 13. Ra3 Nb6 14. Qb3 Bf5 15. Rd1 Kh8 16. Nf1 Ne4 17. Nxe4 Rxe4 18. Bd2 c4 19. Qa2 Qc7 20. Ng3 Re5 21. Bc3 Rxd5 22. Bxg7+ Kxg7 23. Rxd5 Nxd5 24. Nxf5+ gxf5 25. Qxc4 Qxc4 26. Bxc4 Nb4 27. Ra1 Rc8 28. Bb3 Kf6 29. Rd1 Rc6 30. Rd2 d5 31. Kh2 Ke5 32. Kg3 Rg6+ 33. Kf3 Rc6 34. Bd1 Rc1 35. Be2 Ra1 36. Bb5 Rc1 37. Rd4 Kf6 38. Rf4 Rc2 39. g4 Rxb2 40. Rxf5+ Kg6 41. Be8 Nd3 42. Kg3 Rb4 43. Rxf7 Kh6 44. h4 Re4 45. g5+ Kg6 46. Re7+ Kf5 47. Bd7+ Kg6 48. Re6+ Rxe6 49. Bxe6 Nc5 50. Bxd5 Nxa4 51. Bxb7 Nc3 52. Ba6 a4 53. Bd3+ Kg7 54. f4 a3 55. Bc4 a2 56. Bxa2 Nxa2 57. f5 Nc3 58. Kf3 Nb5 59. e4 Kf7 60. Kf4 Nd4 61. h5 Ne2+ 62. Kf3 Nd4+ 63. Ke3 Nc6 64. Kf4 Nd4 65. e5 Ne2+ 66. Kg4 Nd4 67. h6 Nc6 68. e6+ Kf8 69. g6 hxg6 70. fxg6 Ne7 71. Kg5 Nd5 72. Kf5 Ne7+ 73. Kf6 Ng8+ 74. Kg5 Ne7 75. g7+ Kg8 76. Kf6 Nd5+ 77. Ke5 Ne7 78. Kd6 Nf5+ 79. Kd7 Nxh6 80. e7 Kxg7 81. e8Q Kf6 82. Qe3 Nf5 83. Qf4 Kg6 84. Ke6 Ng7+ 85. Ke5 Kh7 86. Qg4 Kh6 87. Kf6 1-0

[Event "Schleswig Holstein-ch Seniors op"]
[Site "Buesum"]
[Date "2014.09.28"]
[Round "4"]
[White "Hassenrueck, Helmut"]
[Black "Berenstein, Alexander"]
[Result "1-0"]
[WhiteElo "2213"]
[BlackElo "2029"]
[PlyCount "89"]
[EventDate "2014.09.25"]
[EventType "swiss"]
[EventRounds "9"]
[EventCountry "GER"]
[SourceTitle "EXT 2018"]
[Source "ChessBase"]
[SourceDate "2017.10.13"]
[SourceVersion "1"]
[SourceVersionDate "2017.10.13"]
[SourceQuality "1"]

1. d4 Nf6 2. Nf3 g6 3. c4 c5 4. Nc3 Bg7 5. e4 cxd4 6. Nxd4 d6 7. Be2 Nbd7 8. 0-0 0-0 9. Be3 a6 10. Qd2 Ne5 11. h3 Bd7 12. Rad1 Qc8 13. b3 Bxh3 14. f4 Bxg2 15. Kxg2 Neg4 16. Rh1 h5 17. Bf3 Bh6 18. Nd5 Nxd5 19. exd5 Qd7 20. Rh3 Nxe3+ 21. Qxe3 Rae8 22. Qe4 f5 23. Qe6+ Qxe6 24. Nxe6 Rf6 25. Re1 Rc8 26. Rhh1 Rf7 27. Kf2 Kh7 28. Rhg1 Rg8 29. Be2 Rf6 30. Bd3 Kh8 31. Kf3 Rc8 32. Rg2 Kg8 33. Rge2 Rf7 34. b4 Bf8 35. a4 Rh7 36. Rg1 Rh6 37. c5 dxc5 38. bxc5 Kf7 39. Rb2 h4 40. Rxb7 h3 41. Bxa6 Kg8 42. Rb2 Ra8 43. Bb5 h2 44. Rh1 Rh3+ 45. Kg2 1-0

[Event "Schleswig Holstein-ch Seniors"]
[Site "Leck"]
[Date "2014.04.13"]
[Round "2"]
[White "Gehrmann, Rudolf Rainer"]
[Black "Berenstein, Alexander"]
[Result "0-1"]
[WhiteElo "2099"]
[BlackElo "2030"]
[PlyCount "120"]
[EventDate "2014.04.12"]
[EventType "swiss"]
[EventRounds "9"]
[EventCountry "GER"]
[SourceTitle "EXT 2018"]
[Source "ChessBase"]
[SourceDate "2017.10.13"]
[SourceVersion "1"]
[SourceVersionDate "2017.10.13"]
[SourceQuality "1"]

1. c4 e6 2. g3 Nf6 3. Bg2 d5 4. d4 c6 5. Nf3 Nbd7 6. 0-0 Be7 7. b3 a5 8. Nc3 0-0 9. Re1 Ne4 10. Qc2 f5 11. Nd2 Bf6 12. e3 Nb6 13. c5 Nd7 14. Bb2 Re8 15. Ne2 a4 16. bxa4 Qa5 17. Nc3 Nxc3 18. Bxc3 Qxa4 19. Qxa4 Rxa4 20. Nb3 Nb8 21. Bf1 Na6 22. Rec1 Nc7 23. Be2 Bd7 24. Na5 Ra8 25. Nxb7 Rxa2 26. Kf1 Kf8 27. Rcb1 Rxa1 28. Rxa1 Rxa1+ 29. Bxa1 Be7 30. Ke1 Ke8 31. Na5 e5 32. f4 exd4 33. exd4 Kf7 34. Kd2 g5 35. h3 Kg6 36. Ke3 gxf4+ 37. gxf4 Bh4 38. Bd1 Be1 39. Nb3 Ne6 40. Kf3 h5 41. Bb2 h4 42. Be2 Kf6 43. Ba6 Be8 44. Bb7 Bh5+ 45. Kg2 Nxf4+ 46. Kf1 Bg3 47. Nc1 Bf3 48. Bxc6 Bg2+ 49. Kg1 Bxh3 50. Bb5 Bg4 51. Nd3 Ne2+ 52. Kf1 h3 53. Nf2 Nf4 54. Nh1 Bh2 55. Bc1 Ne6 56. Be3 f4 57. Bf2 Bf3 58. Bh4+ Kf7 59. Nf2 Bg2+ 60. Ke1 Nxd4 0-1

[Event "SH-ch Seniors op"]
[Site "Eckernfoerde"]
[Date "2012.10.03"]
[Round "5.5"]
[White "Berenstein, Alexander"]
[Black "Achenbach, Manfred"]
[Result "0-1"]
[WhiteElo "2058"]
[BlackElo "2137"]
[PlyCount "68"]
[EventDate "2012.09.29"]
[EventType "swiss"]
[EventRounds "7"]
[EventCountry "GER"]
[SourceTitle "EXT 2022"]
[Source "ChessBase"]
[SourceDate "2021.10.06"]
[SourceVersion "1"]
[SourceVersionDate "2021.10.06"]
[SourceQuality "1"]

1. Nf3 Nf6 2. b3 g6 3. Bb2 Bg7 4. c4 d6 5. d4 0-0 6. Nbd2 c5 7. e3 cxd4 8. Nxd4 Nc6 9. Nxc6 bxc6 10. Qc2 c5 11. Be2 Bf5 12. Bd3 Bd7 13. 0-0 Bc6 14. Rad1 Qc7 15. Be2 a5 16. a4 Qb7 17. f3 Rfd8 18. Bd3 d5 19. Rfe1 Rd7 20. Ba3 Rc8 21. cxd5 Rxd5 22. Nc4 Qc7 23. e4 Rh5 24. g3 Nd7 25. Bc1 Bd4+ 26. Kg2 Ne5 27. Nxe5 Bxe5 28. f4 Bd4 29. g4 Rh4 30. Kg3 g5 31. h3 Qd6 32. Bf1 Rb8 33. Be3 Qc7 34. Rd3 Rh6 0-1

[Event "SH-ch Seniors op"]
[Site "Eckernfoerde"]
[Date "2012.09.30"]
[Round "2.2"]
[White "Ljubarskij, Jurij"]
[Black "Berenstein, Alexander"]
[Result "1-0"]
[WhiteElo "2289"]
[BlackElo "2058"]
[PlyCount "73"]
[EventDate "2012.09.29"]
[EventType "swiss"]
[EventRounds "7"]
[EventCountry "GER"]
[SourceTitle "EXT 2022"]
[Source "ChessBase"]
[SourceDate "2021.10.06"]
[SourceVersion "1"]
[SourceVersionDate "2021.10.06"]
[SourceQuality "1"]

1. e4 e5 2. Nf3 d6 3. d4 Nf6 4. Bc4 exd4 5. 0-0 Be7 6. Re1 0-0 7. Nxd4 Nc6 8. Nc3 Qd7 9. Nf5 Bd8 10. f3 a6 11. a4 Qe8 12. Ne3 Qe5 13. Qd2 h6 14. b3 Qd4 15. Bd3 Ne5 16. Bb2 Be6 17. Ncd1 Qa7 18. Be2 Be7 19. Nf2 Rfd8 20. c4 Ng6 21. g3 c6 22. Bd4 Qb8 23. f4 Bd7 24. Bf3 Qc7 25. a5 c5 26. Bxf6 Bxf6 27. Nd5 Qb8 28. Nxf6+ gxf6 29. Rad1 Bc8 30. e5 fxe5 31. fxe5 Kg7 32. exd6 Bd7 33. Qc3+ Kg8 34. Qf6 Rf8 35. Bd5 Kh7 36. Bxf7 Nh8 37. Re7 1-0

[Event "GER-chT Seniors 19th"]
[Site "Eckernfoerde"]
[Date "2010.09.17"]
[Round "5.2"]
[White "Berenstein, Alexander"]
[Black "Weidlich, Guenter"]
[Result "0-1"]
[WhiteElo "1920"]
[BlackElo "2098"]
[PlyCount "107"]
[EventDate "2010.09.13"]
[EventType "team-swiss"]
[EventRounds "7"]
[EventCountry "GER"]
[SourceTitle "EXT 2011"]
[Source "ChessBase"]
[SourceDate "2010.11.26"]
[SourceVersion "1"]
[SourceVersionDate "2010.11.26"]
[SourceQuality "1"]
[WhiteTeam "Schleswig Holstein II"]
[BlackTeam "Sachsen"]
[WhiteTeamCountry "GER"]
[BlackTeamCountry "GER"]

1. d4 g6 2. c4 Bg7 3. Nc3 d6 4. g3 Nf6 5. Bg2 0-0 6. e3 Nbd7 7. Nge2 c6 8. b4 Nb6 9. c5 Nbd5 10. Nxd5 cxd5 11. Bb2 b6 12. Rc1 dxc5 13. dxc5 bxc5 14. Rxc5 e6 15. Ra5 Qb6 16. a3 Ba6 17. Nc3 Bc4 18. Na4 Qb7 19. f3 Qe7 20. Bd4 Rfe8 21. Nb2 e5 22. Bc5 Qb7 23. Nxc4 dxc4 24. e4 Nd7 25. Qc2 Nxc5 26. Rxc5 a5 27. Qxc4 Rec8 28. 0-0 Bf8 29. Rxc8 Rxc8 30. Qd5 Qxd5 31. exd5 axb4 32. axb4 Bxb4 33. f4 exf4 34. Rxf4 Rc1+ 35. Kf2 Bc5+ 36. Kf3 Rc3+ 37. Kg4 h5+ 38. Kh3 Rc2 39. Rf6 Be7 40. Rc6 Rd2 41. Bf3 Kg7 42. Ra6 Bc5 43. Ra1 Rf2 44. Bd1 Bd4 45. Rc1 Rd2 46. Bf3 Be5 47. Rd1 Rf2 48. Rd3 Bd6 49. Re3 Kh6 50. Rb3 Be5 51. Re3 f6 52. Rd3 f5 53. Bd1 g5 54. Bxh5 0-1